Małżeństwa Celebrytów - Nagła Śmierć - Statystyki

Ogólne statystyki
  • Ten quiz został rozwiązany 51 razy
  • Średni wynik to 9 z 20
Answers on the Grid
Answers color-coded by a green-red scale on the quiz's grid according to % correct below.
Al Pacino
Amber Heard
Angelina Jolie
Ben Affleck
Billy Bob Thornton
Brad Pitt
Calista Flockhart
Colin Farrell
Elizabeth Taylor
Emily Blunt
George Clooney
Goldie Hawn
Harrison Ford
Jack Nicholson
Jennifer Aniston
Jennifer Garner
Jennifer Lopez
John Krasinski
Johnny Depp
Katie Holmes
Keanu Reeves
Keith Urban
Leonardo DiCaprio
Marc Anthony
Matt Damon
Nicole Kidman
Oprah Winfrey
Richard Burton
Tom Cruise
Tom Holland
 
Statystyki odpowiedzi
Odpowiedź % Poprawnych
Angelina Jolie
87%
Brad Pitt
87%
Ben Affleck
68%
Johnny Depp
68%
Tom Cruise
65%
Amber Heard
61%
Jennifer Lopez
61%
Nicole Kidman
58%
Jennifer Aniston
52%
Katie Holmes
39%
Emily Blunt
32%
Jennifer Garner
32%
John Krasinski
29%
Billy Bob Thornton
26%
Harrison Ford
26%
Marc Anthony
26%
Calista Flockhart
23%
Elizabeth Taylor
19%
Richard Burton
16%
Keith Urban
10%
Nie znaleziono quizów pasujących do podanych kryteriów
Rozkład punktacji
Procent ludzi z każdym wynikiem
Percentyl według liczby udzielonych odpowiedzi
Twoja historia wyników
Nie rozwiązałeś tego quizu